| 000 | 01050cam a22001814a 4500 | ||
|---|---|---|---|
| 005 | 20250605164403.0 | ||
| 008 | 250528s ||||||||||||||||||||||||d | ||
| 035 | _a24697 | ||
| 040 |
_aGR-AtMCL _bgre _dGR-AtMCL _eAACR2 |
||
| 245 | 1 | _aΑπό τον 'Ηρακλή' στη... Volkswagen / Όλα τα Desks στο Εξωτερικό Συζητούν για την Αντιμετώπιση των Κόκκινων Δανείων ακαι το Όνειρο για την Επένδυση των Γερμανών και Εφιάλτης της NISSAN | |
| 260 |
_bMotori Επε, _c2019 |
||
| 300 | _a46 | ||
| 520 | _aΑποκαλύπτουμε τη Short List του Κυριάκου Μητσοτάκη, Μπαίνει το Χρηματιστήριο και Κουρεύει Μισθούς και Μπόνους, Το Άγνωστο Παρασκήνιο με την Υποβρύχια Διασύνδεση Ρίου-Αντιρρίου. | ||
| 700 | 1 |
_aΚανουπάκης Γιάννης _99504 |
|
| 942 | _cCR | ||
| 999 |
_c9564 _d9564 |
||